| 000 | 01210nam a2200241Ia 4500 | ||
|---|---|---|---|
| 003 | Ost | ||
| 005 | 20260507075123.0 | ||
| 008 | 260507s9999||||xx |||||||||||||| ||und|| | ||
| 040 | _cfsecg | ||
| 041 | _aara | ||
| 082 | _a330 | ||
| 100 |
_aعبد العزيز، عبد الله عبد محمد _eمؤلف |
||
| 245 | 0 |
_aالإستثمار الأجنبي المباشر في الدول الإسلامية في ضوء الإقتصاد الإسلامي / _c عبد الله عبد محمد عبد العزيز |
|
| 260 |
_aعمان: _bدار النفائس, _c2005 |
||
| 300 |
_a238 صفحة؛ _bإيضاحات ؛ _c24 سم |
||
| 520 | _aمفهوم الإستثمار الأجنبي المباشر وأهميته-محددات الإستثمار الأجنبي المباشر وتطور تدفقاته-أثار الإستثمار الأجنبي المباشر في الدول الإسلامية-موقف الإقتصاد الإسلامي من الإستثمار الأجنبي المباشر | ||
| 653 | _aأسعار الصرف | ||
| 653 | _aالإستقرار | ||
| 653 | _aالتبادل التجاري | ||
| 653 | _aالنشاطات | ||
| 653 | _aتدفقات الإستثمار | ||
| 942 | _cكتاب | ||
| 999 |
_c43113 _d43113 |
||